000 00700nam a22002057a 4500
999 _c61724
_d61724
005 20240422152842.0
008 240422s2005 enk||||| |||| 00| 0 eng d
020 _a9780781752152x
041 _aeng
080 _a614 F-65
100 _aFletcher, Robert H.
_921908
245 _aClinical Epidemiology :
_bThe Essentials /
_cRobert H. Fletcher, Suzanne W.Fletcher,
250 _a 4th Edition
264 _aPhiladephia :
_bLippincott Williams & Wilkins,
_c2005.
300 _a252 p.;
_b26 cm.
653 _aკლინიკური ეპიდემიოლოგია
653 _aმედიცინა
700 _aFletcher, Suzanne W.
_eავტორი
_921909
942 _2udc
_cBK